00438nam a2200109Ia 4500008004100000050002200041100002300063245011500086260008600201300002900287521001200316140724s9999 xx 000 0 und d aRT 89b.C352 2008 aCastillo, Herleen. aSituational stressors on coping mechanisms of postpartum mothers at Ospital ng Muntinlupa /cHerleen Castillo. aLas Piñas, Philippines :bSouthville International School and Colleges,cc2008. a101 p. :bill. ;c28 cm. aNursing